| 000 | 00549nam a22001817a 4500 | ||
|---|---|---|---|
| 005 | 20240115090701.0 | ||
| 008 | 240115b |||||||| |||| 00| 0 eng d | ||
| 020 | _a9780702104664 | ||
| 041 | _aEnglish | ||
| 082 | _a346.6 GEA | ||
| 100 |
_aGeach, WD _lEnglish |
||
| 245 |
_aGuide to The Companies Act and Regulations / _cWD Geach |
||
| 250 | _aFirst Edition | ||
| 260 |
_aCape Town : _bJuta and Company Ltd, _c1973 |
||
| 300 |
_b311 pages ; _c27 cm. |
||
| 650 |
_aLegal practice _bLaw |
||
| 942 |
_cBK _6ALISON_BN_VRIES |
||
| 999 |
_c1232 _d1232 |
||